Encyclopedia of chromatography /
Gespeichert in:
| Weitere Verfasser: | |
|---|---|
| Format: | Buch |
| Sprache: | Englisch |
| Veröffentlicht: |
New York
Marcel Dekker
c2001.
|
| Schlagworte: | |
| Online-Zugang: | Im OPAC anzeigen |
| Tags: |
Keine Tags, Fügen Sie das erste Tag hinzu!
|
MARC
| LEADER | 00000cam a22000004a 4500 | ||
|---|---|---|---|
| 005 | 20260127134351.0 | ||
| 008 | 010418s2001 nyua be 001 0 eng | ||
| 010 | |a 2001-028927 | ||
| 020 | |a 0824705114 (acidfree paper) | ||
| 035 | |a vtls008640886 | ||
| 039 | 9 | |y 200603310907 |z mschk03 | |
| 040 | |a STUSCHK1 |b slo |c STUSCHK1 | ||
| 042 | |a pcc | ||
| 082 | 0 | 0 | |a 543/.8/03 |2 22 |
| 245 | 0 | 0 | |a Encyclopedia of chromatography / |c edited by Jack Cazes. |
| 260 | |a New York |b Marcel Dekker |c c2001. | ||
| 300 | |a xxx, 927 p. |b ill. |c 29 cm. | ||
| 504 | |a Includes bibliographical references and indexes. | ||
| 650 | 0 | |a Chromatographic analysis |v Encyclopedias. | |
| 650 | 1 | 2 | |a Chromatography |x methods. |
| 650 | 2 | 2 | |a Electrophoresis, Capillary |x methods. |
| 650 | 2 | 2 | |a Fractionation |x methods. |
| 700 | 1 | |a Cazes, Jack, |d 1934- | |
| 906 | |a 7 |b cbc |c orignew |d 1 |e ocip |f 20 |g y-gencatlg | ||
| 910 | |a SCHK95 | ||
| 919 | |a 0-8247-0511-4 | ||
| 925 | 0 | |a acquire |b 1 shelf copy |x policy default | |
| 963 | |a Elizabeth Draper, (212) 696-9000 x210; fax: (212) 561-6645; (email: edraper@dekker.com); email: wcorrea@dekker.com; Marcel Dekker | ||
| 991 | |b r-SciRR |h QD79.C4 |i E63 2001 |t Copy 1 |w GenBib | ||
| 999 | |c 11005 |d 11005 | ||